| 000 | 00561nam a2200169 a 4500 | ||
|---|---|---|---|
| 001 | 000048146 | ||
| 005 | 20201002060941.0 | ||
| 008 | 181121s2002 dr 000 0 spa d | ||
| 040 |
_aDO-SdBNP _bspa _cBNPHU |
||
| 082 |
_axxx _bR423c |
||
| 110 | 1 |
_aRepública Dominicana. _9447 |
|
| 245 | 1 | 0 | _aCompilación de la legislación electoral de la República Dominicana. |
| 260 |
_aSanto Domingo : _bJunta Central Electoral, _c2002. |
||
| 300 |
_a274p. : ; _c22 cm. |
||
| 590 | _aInventariado, 2018/MFF | ||
| 650 | 4 |
_aElecciones _xLegislación _zRepública Dominicana _9412 |
|
| 999 |
_c47634 _d47634 |
||